00873nam a2200229 a 4500001001000000003000500010005001700015008004100032010001100073011001100084040000900095100002700104245022700131260004000358300003600398502008600434650001900520650003200539650002300571650001900594650003000613000110409CHAP20220329144131.0140826s2008 mx a |rm |0|||||spa d a106871 a107843 cCHAP1 aGómez Polo, Priscila10aEstimación del banco de semillas de malas hierbas con tres sistemas de labranza en un experimento a largo plazoen su décimo año de establecimiento en chapingo, Edo. de México, México /cpor Priscila Gómez Polo. aChapingo, Méx :bEl autor,c2008. a80 h. :bil., cuadros, gráfs. aTesis (M. Oficial en Protección Integrada de Cultivos) -- Universidad de LLeida14aLabranza cero.14aLabranza de conservación.14aLabranza mínima.14aMalas hierbas.14aSemillasxConservación.